2018 Review of Facilities for Low-Income Countries.

The Fund is facing strong demand for financing from low-income countries (LICs). Commodity price shocks and loose fiscal policies have contributed to rising debt levels and financing needs in many countries. Several developing states, especially smaller ones, are also increasingly vulnerable to larg...

Description complète

Détails bibliographiques
Collectivité auteur: International Monetary Fund. Strategy, Policy, and Review Department
Format: Revue
Langue:English
Publié: Washington, D.C. : International Monetary Fund, 2018.
Collection:Policy Papers; Policy Paper ; No. 2018/039
Accès en ligne:Full text available on IMF
LEADER 01519cas a2200241 a 4500
001 AALejournalIMF019240
008 230101c9999 xx r poo 0 0eng d
020 |c 5.00 USD 
020 |z 9781498310871 
022 |a 2663-3493 
040 |a BD-DhAAL  |c BD-DhAAL 
110 2 |a International Monetary Fund.  |b Strategy, Policy, and Review Department. 
245 1 0 |a 2018 Review of Facilities for Low-Income Countries. 
264 1 |a Washington, D.C. :  |b International Monetary Fund,  |c 2018. 
300 |a 1 online resource (71 pages) 
490 1 |a Policy Papers 
500 |a <strong>Off-Campus Access:</strong> No User ID or Password Required 
500 |a <strong>On-Campus Access:</strong> No User ID or Password Required 
506 |a Electronic access restricted to authorized BRAC University faculty, staff and students 
520 3 |a The Fund is facing strong demand for financing from low-income countries (LICs). Commodity price shocks and loose fiscal policies have contributed to rising debt levels and financing needs in many countries. Several developing states, especially smaller ones, are also increasingly vulnerable to large natural disasters. At the same time, many LICs less dependent on commodity exports have enjoyed robust growth in recent years, with more contained vulnerabilities. 
538 |a Mode of access: Internet 
830 0 |a Policy Papers; Policy Paper ;  |v No. 2018/039 
856 4 0 |z Full text available on IMF  |u http://elibrary.imf.org/view/journals/007/2018/039/007.2018.issue-039-en.xml  |z IMF e-Library